ბათუმის შოთა რუსთაველის სახელმწიფო უნივერსიტეტის ბიბლიოთეკა

ლითონსაჭრელი ჩარხების დაპროექტება და გამოცდა : სახელმძღვ. / (ბიბ.ჩანაწერი № 39583)

000 -ლიდერი
ფიქსირებული სიგრძის საკონტროლო ველი 00976nam a2200205Ia 4500
001 - საკონტროლო ნომერი
საკონტროლო ველი 6182
003 - საკონტროლო ნომრის იდენტიფიკატორი
საკონტროლო ველი GE_BSU
005 - ბოლო ოპერაციის თარიღი და დრო
საკონტროლო ველი 20190701143906.0
008 - ფიქსირებული სიგრძის მონაცემთა ელემენტები - ზოგადი ინფორმაცია
ფიქსირებული სიგრძის საკონტროლო ველი 181216s1986|||| |||||||||||||| ||geo||
041 ## - ენის კოდი
Language code of text/sound track or separate title geo
080 ## - უნივერსალური ათობითი კლასიფიკაციის ინდექსი
Universal Decimal Classification number 621.91(075.8) გ-59
100 ## - მთავარი ჩანაწერი - პიროვნების სახელი
Personal name გოგიტიშვილი, რ.
9 (RLIN) 3127
245 ## - ცნობა სათაურის შესახებ
Title ლითონსაჭრელი ჩარხების დაპროექტება და გამოცდა : სახელმძღვ. /
Statement of responsibility, etc რ. გოგიტიშვილი ; რედ : გ.ჩიხლაძე.
264 ## - წარმოების, გამოცემის, დისტრიბუციის და სხვა ცნობები
გამოცემის, წარმოების, დისტრიბუციის... ადგილი თბილისი :
გამოცემის, წარმოების, დისტრიბუციის... სახელწოდება განათლება,
გამოცემის, წარმოების, დისტრიბუციის... თარიღი 1986.
300 ## - ფიზიკური აღწერა
Extent 315 გვ .:
Dimensions 22 სმ.
504 ## - BIBLIOGRAPHY, ETC. NOTE
Bibliography, etc ბიბლიოგრ.:გვ.310-312
653 ## - INDEX TERM--UNCONTROLLED
Uncontrolled term ლითონსაჭრელი ჩარხების დაპროექტება და გამოცდა
700 ## - ADDED ENTRY--PERSONAL NAME
Personal name ჩიხლაძე, გ
Relator term რედაქტორი
9 (RLIN) 1385
942 ## - ADDED ENTRY ELEMENTS (KOHA)
Koha item type წიგნი
Source of classification or shelving scheme
ეგზემპლარები
ჩამოწერის სტატუსი დაკარგული ეგზემპლარის სტატუსი კლასიფიკაციის წყარო ან თაროზე გაწყობის სქემა დაზიანების სტატუსი არ გაიცემა მუდმივი მდებარეობა (დაცვის ადგილი) ამჟამინდელი ადგილსამყოფელი თაროზე განთავსების ადგილი შეძენის თარიღი ღირებულება, შესყიდვის ნორმალური ფასი სრული შენახვის შიფრი შტრიხკოდი ბოლო ოპერაციის თარიღი ეგზემპლარის მიმდევრობითი ნომერი (კეტერი?) ფასის ძალაში შესვლის თარიღი ეგზემპლარის სახეობა საჯარო შენიშვნა
          ტექნოლოგიური ფაკულტეტის ბიბლიოთეკა ტექნოლოგიური ფაკულტეტის ბიბლიოთეკა წიგნსაცავი 2018-12-17 1.00 621.91(075.8) გ-59 11170 2018-12-17 11170 2018-12-17 წიგნი 1 ლ. 80 თ.
          ტექნოლოგიური ფაკულტეტის ბიბლიოთეკა ტექნოლოგიური ფაკულტეტის ბიბლიოთეკა წიგნსაცავი 2018-12-17 1.00 621.91(075.8) გ-59 11171 2018-12-17 11171 2018-12-17 წიგნი 1 ლ. 80 თ.
          ტექნოლოგიური ფაკულტეტის ბიბლიოთეკა ტექნოლოგიური ფაკულტეტის ბიბლიოთეკა წიგნსაცავი 2018-12-17 1.00 621.91(075.8) გ-59 11172 2018-12-17 11172 2018-12-17 წიგნი 1 ლ. 80 თ.